Pays frontaliers de la zone euro en 2002 - Statistiques

Statistiques générales
  • Ce quiz a été pris 36 fois
  • Le résultat moyen est 14 sur 19
Statistiques - réponses
Frontières de la zone €uro Réponse % Correct
Irlande (+Espagne) Royaume-Uni
93%
Finlande Norvège
89%
Finlande Russie
89%
Allemagne, Autriche, France, Italie Suisse
89%
Finlande Suède
86%
Grèce Turquie
82%
Grèce Albanie
79%
France Brésil
75%
Autriche Hongrie
75%
Allemagne Pologne
75%
Allemagne, Autriche Tchéquie
75%
Grèce Bulgarie
71%
Allemagne Danemark
71%
Autriche Slovaquie
71%
Autriche, Italie Slovénie
71%
Autriche Liechtenstein
64%
Grèce Macédoine du Nord
64%
Espagne Maroc
57%
France Suriname
57%
Aucun quiz correspondant
Distribution des résultats
% des personnes avec chaque résultat
Percentile par nombre de réponses
Votre historique - résultats
Vous n’avez pas pris ce quiz